000 00789cam a2200265 a 4500
001 000003833
003 DO-SdBNP
005 20220921140106.0
007 ta
008 920219s1993 ag 000 f spa
020 _a9500810840
040 _aDO-SdBNP
_cBNPHU
_bspa
082 4 _a813.54
_bD491d
_222
100 1 _aDeveraux, Jude,
_d1947-
_911604
245 1 0 _aDulces engaños /
_cJude Deveraux ; traducción de Graciela Jáuregui Lorda.
260 _aBuenos Aires :
_bAtlántida,
_c1993.
300 _a362 p. ;
_c23 cm.
534 _aTítulo original: Sweet liar.
590 _aInventariado, 2022 / DG
650 4 _aNovela estadounidense
_9262
650 4 _aLiteratura estadounidense
_9263
700 1 _aJáuregui Lorda, Graciela,
_etr.
_911605
910 _aDG
942 _2ddc
_cLBS1
999 _c3655
_d3655